| 000 | 00701nam a2200217Ia 4500 | ||
|---|---|---|---|
| 001 | 15833 | ||
| 003 | GE_BSU | ||
| 008 | 181216s||||||||xx |||||||||||||| ||und|| | ||
| 040 | _cGE_BSU | ||
| 080 | _a821.353.1-31 | ||
| 100 | _aჭილაძე, ო. (ოთარ, 1933-2009) | ||
| 245 | _aყოველმან ჩემმან მპოვნელმან... | ||
| 245 | _bრომანი | ||
| 260 | _aთბილისი | ||
| 260 | _bსაბჭ. საქართველო | ||
| 260 | _c1976 | ||
| 300 | _a470 გვ. ; 20 სმ | ||
| 653 | _aრომანი | ||
| 653 | _aყოველმან ჩემმან მპოვნელმან... | ||
| 942 | _cBK | ||
| 999 |
_c48930 _d48930 |
||